Taylor Swift - Chansons de l'album TTPD par ordre alphabétique - Statistiques

Statistiques générales
  • Ce quiz a été pris 201 fois
  • Le résultat moyen est 22 sur 31
Statistiques - réponses
Hint Réponse % Correct
A The Albatross
88%
F Fortnight ft. Post Malone
83%
A The Alchemy
82%
F Florida!!! ft. Florence and the Machine
81%
D Down Bad
79%
B But Daddy I Love Him
78%
B The Bolter
77%
B The Black Dog
76%
C Cassandra
75%
I I Can Do It With a Broken Heart
74%
P Peter
74%
R Robin
72%
W Who’s Afraid of Little Old Me?
72%
G Guilty as Sin?
71%
C Clara Bow
70%
M The Manuscript
70%
S So High School
69%
S So Long, London
69%
F Fresh Out the Slammer
68%
S The Smallest Man Who Ever Lived
68%
L loml
67%
P The Prophecy
67%
H How Did It End?
65%
M My Boy Only Breaks His Favorite Toys
65%
T The Tortured Poets Department
64%
C Chloe or Sam or Sophia or Marcus
63%
I Imgonnagetyouback
61%
I I Can Fix Him (No Really I Can)
58%
I I Hate It Here
58%
I I Look in People's Windows
55%
T tanK you AImee
37%
Aucun quiz correspondant
Distribution des résultats
% des personnes avec chaque résultat
Percentile par nombre de réponses
Votre historique - résultats
Vous n’avez pas pris ce quiz